[Event "Guernsey Open"]
[Site "Guernsey"]
[Date "2009.10.21"]
[Round "4"]
[White "Downey, Keith"]
[Black "Van Veenendaal, Elmer"]
[Result "0-1"]
[WhiteElo "1931"]
[BlackElo "2120"]
[PlyCount "120"]
[EventDate "2009.10.18"]

1. c4 e5 2. a3 Nf6 3. d3 h6 4. Nf3 Nc6 5. b4 d6 6. Bb2 Be7 7. g3 O-O 8. Bg2 a5
9. b5 Nb8 10. O-O Nbd7 11. Nc3 Re8 12. Rc1 Nc5 13. h3 e4 14. dxe4 Nfxe4 15. Nd5
a4 16. Nxe7+ Qxe7 17. Nd4 Rb8 18. Kh2 Qg5 19. Rc2 Qh5 20. Bc1 Ng5 21. Bxg5 hxg5
22. f3 Re3 23. Qc1 Re7 24. Qd2 Bd7 25. g4 Qg6 26. e4 Qf6 27. Kg1 Ra8 28. Rb2
Be6 29. Rc1 Qe5 30. Bf1 g6 31. Qf2 Kg7 32. Rd1 Ree8 33. Qh2 Red8 34. Qf2 Qf4
35. Nc2 Rh8 36. Ne3 Nb3 37. Rbb1 Qe5 38. Nd5 Bxd5 39. Rxd5 Qf4 40. Re1 Rae8 41.
Qb2+ Kg8 42. Qf2 b6 43. Kg2 Kg7 44. Qg3 Qxg3+ 45. Kxg3 Kf6 46. Red1 Re7 47. Kf2
Re5 48. Kg3 Rhe8 49. Kf2 Rxd5 50. cxd5 Ke5 51. Ke3 f5 52. Bg2 fxe4 53. fxe4 Rf8
54. Rh1 Rf4 55. Bf3 Nc5 56. h4 Nxe4 57. hxg5 Nxg5 58. Be2 Re4+ 59. Kf2 Kxd5 60.
Rc1 Re7 0-1

[Event "Guernsey Open"]
[Site "Guernsey"]
[Date "2009.10.21"]
[Round "4"]
[White "Minnican, Alan William"]
[Black "Hoare, Amy"]
[Result "1/2-1/2"]
[WhiteElo "2105"]
[BlackElo "1797"]
[PlyCount "69"]
[EventDate "2009.10.18"]

1. d4 d5 2. Bf4 Nf6 3. e3 e6 4. Nd2 Be7 5. Bd3 c5 6. c3 Nbd7 7. h3 b6 8. Ngf3
Bb7 9. O-O Ne4 10. Ne5 Nxe5 11. Bxe5 O-O 12. Bxe4 dxe4 13. Qg4 g6 14. Rfd1 f5
15. Qg3 cxd4 16. cxd4 Rc8 17. Rac1 Qd5 18. b3 Qa5 19. Nc4 Qd5 20. h4 Qd8 21. h5
g5 22. h6 Bf6 23. Nd6 Rxc1 24. Rxc1 Bd5 25. Rc8 Qe7 26. Rc3 Qd8 27. Nb5 a6 28.
Nc7 a5 29. Nb5 Bxe5 30. Qxe5 Qf6 31. Qxf6 Rxf6 32. Rc8+ Rf8 33. Rc7 Rf7 34.
Rc8+ Rf8 35. Rc7 1/2-1/2

[Event "Guernsey Open"]
[Site "Guernsey"]
[Date "2009.10.21"]
[Round "4"]
[White "Gregg, Alan Michael"]
[Black "Spanton, Timothy"]
[Result "1/2-1/2"]
[WhiteElo "2140"]
[BlackElo "2009"]
[PlyCount "93"]
[EventDate "2009.10.18"]

1. c4 c5 2. Nf3 g6 3. d4 cxd4 4. Nxd4 Nc6 5. Nxc6 bxc6 6. e4 Bg7 7. Be2 Rb8 8.
Qc2 d6 9. O-O Qb6 10. Nc3 Nh6 11. Nd1 O-O 12. Be3 Qa5 13. Bd2 Qb6 14. Bc3 Bxc3
15. Qxc3 Ng4 16. Bxg4 Bxg4 17. Ne3 Be6 18. b3 Qb4 19. Qxb4 Rxb4 20. Rfe1 Rfb8
21. f4 f6 22. e5 dxe5 23. fxe5 Kf7 24. Nc2 R4b6 25. Nd4 c5 26. Nb5 a6 27. Nc3
Rd8 28. exf6 exf6 29. Rad1 Rbd6 30. Rxd6 Rxd6 31. Ne4 Rc6 32. Rd1 Ke7 33. Kf2
Bf5 34. Nc3 Rd6 35. Rxd6 Kxd6 36. Ke3 Ke5 37. Na4 Kd6 38. g3 Bb1 39. Nc3 Bf5
40. Kf4 Ke6 41. h4 h6 42. Na4 g5+ 43. hxg5 fxg5+ 44. Kf3 Kd6 45. g4 Bg6 46. Ke3
h5 47. gxh5 1/2-1/2

[Event "Guernsey Open"]
[Site "Guernsey"]
[Date "2009.10.21"]
[Round "4"]
[White "Carlucci, Paul"]
[Black "Paardekam, Rene"]
[Result "1/2-1/2"]
[WhiteElo "1970"]
[BlackElo "2072"]
[PlyCount "93"]
[EventDate "2009.10.18"]

1. d4 b5 2. Nf3 Bb7 3. e3 a6 4. Be2 e6 5. O-O Nf6 6. b3 c5 7. Bb2 Be7 8. a4 b4
9. c4 O-O 10. Nbd2 Qc7 11. Rc1 Ne4 12. Nxe4 Bxe4 13. Nd2 Bb7 14. Bf3 d6 15. d5
e5 16. Qc2 f5 17. Rcd1 e4 18. Be2 Bf6 19. Bxf6 Rxf6 20. f3 exf3 21. Rxf3 Qe7
22. Bd3 g6 23. Rdf1 Nd7 24. Rg3 Kh8 25. Kh1 Raf8 26. Nf3 Ne5 27. Nxe5 Qxe5 28.
Rgf3 a5 29. Qd2 Bc8 30. Qe2 Bd7 31. Qc2 f4 32. exf4 Rxf4 33. Rxf4 Rxf4 34. Qd1
Bg4 35. Qb1 Rxf1+ 36. Qxf1 Kg7 37. h3 Bd7 38. Qf3 Qf6 39. Qe3 Qa1+ 40. Kh2 Qe5+
41. Qxe5+ dxe5 42. g4 Kf6 43. Kg3 h6 44. Be4 Be8 45. Kf3 Bd7 46. Kg3 Be8 47.
Kf3 1/2-1/2

[Event "Guernsey Open"]
[Site "Guernsey"]
[Date "2009.10.21"]
[Round "4"]
[White "Agustsson, Hafsteinn"]
[Black "Goris, Ton"]
[Result "0-1"]
[WhiteElo "1952"]
[BlackElo "2060"]
[PlyCount "82"]
[EventDate "2009.10.18"]

1. e4 e6 2. d4 d5 3. Nc3 Bb4 4. e5 c5 5. a3 Ba5 6. b4 cxd4 7. Qg4 Ne7 8. bxa5
dxc3 9. Qxg7 Rg8 10. Qxh7 Nbc6 11. Nf3 Qxa5 12. a4 Bd7 13. Bb5 Qc7 14. Bxc6
Bxc6 15. O-O d4 16. Ng5 O-O-O 17. Qxf7 Bd5 18. Re1 Rdf8 19. Qh7 Qd8 20. Qd3 Nf5
21. f4 Bc6 22. Qc4 Qd5 23. Qxd5 Bxd5 24. a5 Ne7 25. g3 Nc6 26. Ne4 Nb4 27. Nf6
Nxc2 28. Nxg8 Rxg8 29. Ba3 Kd7 30. Rec1 Nxa1 31. Rxa1 d3 32. Kf2 d2 33. Ke2 Bb3
34. Bb4 d1=Q+ 35. Rxd1+ Bxd1+ 36. Kxd1 Rh8 37. Bxc3 Rxh2 38. Bd4 a6 39. Bc3 Kc6
40. Bd2 Rg2 41. Be1 b5 0-1

[Event "Guernsey Open"]
[Site "Guernsey"]
[Date "2009.10.21"]
[Round "4"]
[White "Gravett, Alan D"]
[Black "De Kruif, Kees"]
[Result "1/2-1/2"]
[WhiteElo "1909"]
[BlackElo "2053"]
[PlyCount "26"]
[EventDate "2009.10.18"]

1. Nf3 b5 2. g3 Bb7 3. Bg2 e6 4. O-O Nf6 5. d3 Be7 6. a4 b4 7. Nbd2 c5 8. e4 d6
9. a5 O-O 10. Re1 Qc7 11. Nc4 a6 12. Bf4 e5 13. Bd2 Nc6 1/2-1/2

[Event "Guernsey Open"]
[Site "Guernsey"]
[Date "2009.10.21"]
[Round "4"]
[White "Maruejols, Claude"]
[Black "Wessels, Cornelis"]
[Result "1/2-1/2"]
[WhiteElo "2052"]
[BlackElo "1993"]
[PlyCount "98"]
[EventDate "2009.10.18"]

1. d4 f5 2. f3 e6 3. c4 c5 4. d5 e5 5. Qc2 d6 6. Nh3 Nf6 7. Nc3 a6 8. e3 g6 9.
Be2 Bh6 10. Nf2 O-O 11. Bd2 Bd7 12. a4 b6 13. O-O a5 14. Nb5 Qe7 15. Rfe1 Na6
16. Qb3 Nb4 17. Bf1 Kh8 18. Kh1 Bxb5 19. axb5 e4 20. Nh3 Rae8 21. Nf4 exf3 22.
Ne6 f2 23. Re2 Ne4 24. Bc3+ Kg8 25. g3 Rf6 26. Bxf6 Qxf6 27. Bg2 Qe5 28. Rf1 f4
29. exf4 Nxg3+ 30. Qxg3 Qxe2 31. Rxf2 Qxc4 32. f5 Nd3 33. Rf1 Ne5 34. fxg6 hxg6
35. h4 Qd3 36. Qf2 Re7 37. Ng5 Qd4 38. Qxd4 cxd4 39. Ne6 Be3 40. Rf8+ Kh7 41.
Be4 d3 42. h5 d2 43. Bc2 Kh6 44. hxg6 Nxg6 45. Rf6 Kh5 46. Bxg6+ Kg4 47. Bc2
Kg3 48. Rg6+ Kf2 49. Rf6+ Kg3 1/2-1/2

[Event "Guernsey Open"]
[Site "Guernsey"]
[Date "2009.10.21"]
[Round "4"]
[White "Von Saldern, Ruediger"]
[Black "Brookfield, Toby"]
[Result "1-0"]
[WhiteElo "2040"]
[BlackElo "1779"]
[PlyCount "111"]
[EventDate "2009.10.18"]

1. d4 f5 2. g3 Nf6 3. Bg5 e6 4. Bg2 h6 5. Bxf6 Qxf6 6. Nf3 Be7 7. O-O O-O 8. c3
d6 9. Nbd2 Kh8 10. e4 e5 11. dxe5 dxe5 12. exf5 Qxf5 13. Qe2 Nc6 14. Rae1 Bd6
15. Nh4 Qf7 16. Qd3 Kg8 17. Ne4 Be7 18. Nf3 Bf5 19. Qb5 Bxe4 20. Rxe4 Bd6 21.
Nxe5 Qf5 22. Qc4+ Kh8 23. Nxc6 bxc6 24. Qxc6 Rab8 25. b3 Bc5 26. Rf4 Qe5 27.
Rf3 Bb6 28. Qe4 Qd6 29. Rxf8+ Rxf8 30. Qe2 Qf6 31. c4 Rf7 32. Bd5 Re7 33. Qf3
Qxf3 34. Bxf3 Bc5 35. Rd1 Rf7 36. Kg2 g5 37. Rd2 Kg7 38. h3 Rf6 39. Rd7+ Rf7
40. Rxf7+ Kxf7 41. Bd5+ Kf6 42. f4 Bd6 43. Kf3 gxf4 44. gxf4 Kf5 45. Be4+ Kf6
46. Bb7 Kf5 47. Bc8+ Kf6 48. Ke4 a5 49. f5 Bb4 50. Kd5 Be1 51. Kc6 Bg3 52. a3
Ke7 53. b4 axb4 54. axb4 Be5 55. c5 Kd8 56. Be6 1-0

[Event "Guernsey Open"]
[Site "Guernsey"]
[Date "2009.10.21"]
[Round "4"]
[White "De Kleijnen, Henk J"]
[Black "Taylor, Mark V"]
[Result "0-1"]
[WhiteElo "1944"]
[BlackElo "2141"]
[PlyCount "54"]
[EventDate "2009.10.18"]

1. d4 e6 2. Nf3 f5 3. g3 Nf6 4. Bg2 Be7 5. O-O O-O 6. c4 d6 7. Nc3 a5 8. b3 Qe8
9. Bb2 Qh5 10. e4 Nxe4 11. Nxe4 fxe4 12. Nd2 Qxd1 13. Raxd1 d5 14. a3 Bf6 15.
Rfe1 c6 16. f3 exf3 17. Nxf3 Nd7 18. Bh3 Nc5 19. Re3 Ne4 20. c5 Nxc5 21. dxc5
Bxb2 22. Kg2 Bxa3 23. Bxe6+ Bxe6 24. Rxe6 Rae8 25. Rde1 Rxe6 26. Rxe6 Bxc5 27.
Ne5 Rd8 0-1

[Event "Guernsey Open"]
[Site "Guernsey"]
[Date "2009.10.21"]
[Round "4"]
[White "Williams, Peter A"]
[Black "Purdon, Colin"]
[Result "1-0"]
[WhiteElo "1961"]
[BlackElo "2102"]
[PlyCount "89"]
[EventDate "2009.10.18"]

1. d4 d5 2. c4 c6 3. Nf3 Nf6 4. Nc3 dxc4 5. a4 Bf5 6. e3 e6 7. Bxc4 Bb4 8. O-O
O-O 9. Qe2 Nbd7 10. e4 Bg6 11. Bd3 Bh5 12. e5 Nd5 13. Ne4 h6 14. Ng3 Bg6 15.
Bxg6 fxg6 16. Qe4 g5 17. h4 Rxf3 18. Qxf3 gxh4 19. Nh5 Qe7 20. Qg4 Kh8 21. Nf4
Nxf4 22. Bxf4 Nb6 23. Rfd1 Nd5 24. Rd3 c5 25. dxc5 Bxc5 26. Rf3 Rd8 27. Be3
Nxe3 28. fxe3 Rd2 29. Raf1 Rd8 30. b4 Bxb4 31. Rf7 Qg5 32. Qxb4 Qxe3+ 33. Kh1
h3 34. Rf8+ Kh7 35. Rxd8 hxg2+ 36. Kxg2 Qg5+ 37. Kh2 Qxd8 38. Qe4+ Kg8 39. Rg1
Qd2+ 40. Qg2 Qxg2+ 41. Rxg2 Kf7 42. Kg3 Ke7 43. Rd2 b6 44. Kg4 g6 45. Rd6 1-0

[Event "Guernsey Open"]
[Site "Guernsey"]
[Date "2009.10.21"]
[Round "4"]
[White "Van Ingen, Ton"]
[Black "Dennis, Nigel W"]
[Result "1-0"]
[WhiteElo "2068"]
[BlackElo "1957"]
[PlyCount "89"]
[EventDate "2009.10.18"]

1. d4 Nf6 2. Nf3 g6 3. c4 Bg7 4. Nc3 O-O 5. e4 d6 6. Be2 e5 7. O-O exd4 8. Nxd4
Nc6 9. Be3 Nxd4 10. Bxd4 Re8 11. f3 Bd7 12. Qd2 a6 13. Rfd1 Rb8 14. c5 Bc6 15.
Bxf6 Qxf6 16. cxd6 Rbd8 17. Nd5 Bxd5 18. Qxd5 Rxd6 19. Qxb7 Qxb2 20. Qxb2 Bxb2
21. Rxd6 cxd6 22. Rd1 a5 23. Rxd6 Rc8 24. Rd7 Ba3 25. Bd1 Kf8 26. Bb3 Be7 27.
Kf2 Rd8 28. Rb7 Rd2+ 29. Kg3 f5 30. exf5 gxf5 31. Ra7 Rd4 32. Rxa5 f4+ 33. Kh3
Kg7 34. Rf5 Kg6 35. Kg4 Rb4 36. Bf7+ Kg7 37. Be8 Bf6 38. a4 Bd8 39. Rxf4 Rxf4+
40. Kxf4 Bc7+ 41. Kf5 Bxh2 42. a5 Bc7 43. a6 Bb6 44. Ke6 Kh6 45. f4 1-0

[Event "Guernsey Open"]
[Site "Guernsey"]
[Date "2009.10.21"]
[Round "4"]
[White "Rowe, Peter"]
[Black "Goris Schouwstra, Adry"]
[Result "1/2-1/2"]
[WhiteElo "2039"]
[BlackElo "1952"]
[PlyCount "55"]
[EventDate "2009.10.18"]

1. d4 d5 2. Nf3 Nf6 3. Bf4 h6 4. e3 Bf5 5. Bd3 Bxd3 6. Qxd3 c6 7. h3 e6 8. Nbd2
Bd6 9. Bxd6 Qxd6 10. O-O O-O 11. c4 dxc4 12. Nxc4 Qe7 13. Rfc1 Na6 14. a3 c5
15. dxc5 Nxc5 16. Qc2 Rac8 17. Nce5 Qe8 18. b4 Ncd7 19. Qb2 Nxe5 20. Nxe5 Qe7
21. Qd4 a6 22. Rxc8 Rxc8 23. Rd1 Nd5 24. e4 Nf6 25. f3 Qc7 26. Nd7 Nxd7 27.
Qxd7 Kf8 28. Qd3 1/2-1/2

[Event "Guernsey Open"]
[Site "Guernsey"]
[Date "2009.10.21"]
[Round "4"]
[White "Campbell, Eoin"]
[Black "Burton, Ronnie"]
[Result "1/2-1/2"]
[WhiteElo "1910"]
[BlackElo "2036"]
[PlyCount "63"]
[EventDate "2009.10.18"]

1. Nf3 g6 2. c4 Bg7 3. g3 Nf6 4. Bg2 O-O 5. O-O d6 6. d4 Nbd7 7. Nc3 e5 8. e4
Re8 9. Re1 exd4 10. Nxd4 Nc5 11. b4 Ne6 12. Nb3 Nxe4 13. Nxe4 Bxa1 14. Nxa1 f5
15. Ng5 c6 16. Nxe6 Bxe6 17. Qd4 Bf7 18. Rxe8+ Qxe8 19. Bb2 Qe5 20. Qd2 Qe7 21.
Qh6 Bxc4 22. Nc2 Rf8 23. Qd2 Bxa2 24. Qc3 Kf7 25. Nd4 Ke8 26. Nxc6 bxc6 27.
Qxc6+ Kf7 28. Bd5+ Bxd5 29. Qxd5+ Ke8 30. Qa8+ Kf7 31. Qd5+ Ke8 32. Qa8+
1/2-1/2

[Event "Guernsey Open"]
[Site "Guernsey"]
[Date "2009.10.21"]
[Round "4"]
[White "Lenier, Jude"]
[Black "Guttridge, David"]
[Result "1/2-1/2"]
[WhiteElo "1828"]
[BlackElo "1965"]
[PlyCount "51"]
[EventDate "2009.10.18"]

1. e4 e6 2. d4 d5 3. Nc3 Bb4 4. e5 Ne7 5. a3 Bxc3+ 6. bxc3 b6 7. Bd3 Ba6 8. Qg4
Bxd3 9. cxd3 Ng6 10. Nf3 b5 11. Qg3 Nc6 12. Ng5 Qd7 13. f4 Nce7 14. Qf2 Nf5 15.
g3 O-O-O 16. h3 f6 17. Nf3 Nfe7 18. a4 Nc6 19. Be3 Nge7 20. O-O Nf5 21. Ra2
Nxe3 22. Qxe3 f5 23. h4 g6 24. Rd1 Na5 25. Rb1 Qc6 26. Ra3 1/2-1/2

[Event "Guernsey Open"]
[Site "Guernsey"]
[Date "2009.10.21"]
[Round "4"]
[White "Morcom, Huw"]
[Black "Brooker, Chris H"]
[Result "1-0"]
[WhiteElo "1965"]
[BlackElo "1866"]
[PlyCount "101"]
[EventDate "2009.10.18"]

1. e4 d5 2. d4 dxe4 3. Nc3 Bf5 4. f3 exf3 5. Qxf3 Bc8 6. Bc4 Nf6 7. Nge2 c6 8.
h3 e6 9. O-O Be7 10. Be3 O-O 11. Kh1 Nbd7 12. Rad1 Nb6 13. Bd3 Nbd5 14. Bg5 h6
15. Bc1 Nb4 16. Bc4 Nbd5 17. a3 b6 18. Bd3 Bb7 19. Ne4 Nxe4 20. Qxe4 g6 21.
Bxh6 Nf6 22. Qe5 Re8 23. Rf2 Qb8 24. Rdf1 Kh7 25. Bg5 Qxe5 26. dxe5 Nd5 27.
Rxf7+ Kh8 28. Bh6 Kg8 29. Bxg6 Rf8 30. Bxf8 Rxf8 31. c4 Ne3 32. Bh7+ Kh8 33.
Rxf8+ Bxf8 34. Rxf8+ Kxh7 35. Rf7+ Kh6 36. Rxb7 Nxc4 37. Rxa7 Nxb2 38. Ra6 Nc4
39. Nd4 Kg5 40. Nxe6+ Kf5 41. Nd4+ Kxe5 42. Nxc6+ Kd6 43. Nb4 Kc5 44. Ra8 Kb5
45. h4 Ne3 46. h5 Ng4 47. Rg8 Nf6 48. Rg6 Nh7 49. h6 Ka5 50. Rg7 Nf6 51. h7 1-0

[Event "Guernsey Open"]
[Site "Guernsey"]
[Date "2009.10.21"]
[Round "4"]
[White "Staneland, Peter"]
[Black "Murray, Steve"]
[Result "1/2-1/2"]
[WhiteElo "1705"]
[BlackElo "1964"]
[PlyCount "62"]
[EventDate "2009.10.18"]

1. Nf3 Nf6 2. d4 e6 3. c4 d5 4. Nc3 Be7 5. Qc2 Nbd7 6. e3 O-O 7. Bd3 dxc4 8.
Bxc4 c5 9. O-O b6 10. d5 exd5 11. Nxd5 Bb7 12. Rd1 Nxd5 13. Bxd5 Bxd5 14. Rxd5
Qc7 15. Ng5 Nf6 16. Rf5 h6 17. Rxf6 hxg5 18. Rf5 Rad8 19. e4 f6 20. h4 gxh4 21.
Qc4+ Kh7 22. Bf4 Qd7 23. Rh5+ Kg6 24. Rxh4 Rh8 25. Rxh8 Rxh8 26. e5 Rd8 27. Re1
fxe5 28. Bxe5 Bf6 29. Bf4 Qd4 30. Qc2+ Kf7 31. Bc1 Rd7 1/2-1/2

[Event "Guernsey Open"]
[Site "Guernsey"]
[Date "2009.10.21"]
[Round "4"]
[White "Ippel, Cornelius J"]
[Black "Bridel, Jon"]
[Result "1-0"]
[WhiteElo "2073"]
[BlackElo "1647"]
[PlyCount "37"]
[EventDate "2009.10.18"]

1. e4 b6 2. d4 Bb7 3. Nc3 e6 4. Bd3 Bb4 5. Bd2 Nf6 6. f3 d5 7. e5 Nfd7 8. Nce2
Bxd2+ 9. Qxd2 c5 10. c3 Nc6 11. Nh3 Qh4+ 12. Nf2 cxd4 13. cxd4 Nxd4 14. Nxd4
Qxd4 15. f4 Rc8 16. h4 a5 17. h5 h6 18. Rh3 f6 19. Bg6+ 1-0

[Event "Guernsey Open"]
[Site "Guernsey"]
[Date "2009.10.21"]
[Round "4"]
[White "Nicholson, John"]
[Black "Fassaert, Desire"]
[Result "1/2-1/2"]
[WhiteElo "1882"]
[BlackElo "1948"]
[PlyCount "25"]
[EventDate "2009.10.18"]

1. e4 c6 2. d4 d5 3. e5 Bf5 4. Nf3 e6 5. Be2 Ne7 6. O-O Bg4 7. h3 Bxf3 8. Bxf3
Nf5 9. c3 Be7 10. Re1 O-O 11. Nd2 Nd7 12. Nf1 Re8 13. Ne3 1/2-1/2

[Event "Guernsey Open"]
[Site "Guernsey"]
[Date "2009.10.21"]
[Round "4"]
[White "Livesey, Nigel"]
[Black "Reutimann, Hans Peter"]
[Result "1-0"]
[WhiteElo "1921"]
[BlackElo "1812"]
[PlyCount "125"]
[EventDate "2009.10.18"]

1. c4 e5 2. g3 Nf6 3. Bg2 Nc6 4. Nc3 d6 5. Nf3 Be7 6. O-O O-O 7. d3 h6 8. Bd2
Nh7 9. Nd5 Rb8 10. b4 a6 11. a4 Be6 12. b5 Na7 13. Be3 Nc8 14. Qb3 Bxd5 15.
cxd5 a5 16. Qc3 b6 17. Rac1 Nf6 18. Nh4 Nd7 19. Nf5 Bf6 20. Qc4 Ne7 21. Nxe7+
Qxe7 22. Qxc7 Nc5 23. Qxe7 Bxe7 24. Rc4 Rbe8 25. Bf3 Bd8 26. Bg4 Re7 27. f4 f6
28. Bxc5 bxc5 29. Be6+ Kh8 30. fxe5 dxe5 31. Kg2 Bb6 32. Rf3 Rd8 33. e4 Rd6 34.
Bf5 Kg8 35. Bg6 Kh8 36. Rc1 Rc7 37. Be8 Rd8 38. Bc6 Kg8 39. Rf5 Re7 40. Rcf1
Kh7 41. g4 Rd6 42. h4 Kg6 43. R1f3 Bc7 44. Rg3 Kh7 45. g5 fxg5 46. hxg5 hxg5
47. Rfxg5 Rf6 48. Be8 Bb6 49. Bg6+ Kg8 50. Bf5 Bc7 51. Be6+ Kf8 52. Rh3 g6 53.
Rh8+ Kg7 54. Rg8+ Kh6 55. Rg3 Bb6 56. Rh8+ Kg7 57. Rgh3 Rfxe6 58. dxe6 Rxe6 59.
R3h7+ Kf6 60. Rf8+ Kg5 61. Rd7 Kg4 62. Rdf7 Rd6 63. Rf6 1-0

[Event "Guernsey Open"]
[Site "Guernsey"]
[Date "2009.10.21"]
[Round "4"]
[White "Cummins, John"]
[Black "Luijendijk, Pieter"]
[Result "1-0"]
[WhiteElo "1898"]
[BlackElo "1720"]
[PlyCount "119"]
[EventDate "2009.10.18"]

1. Nf3 c5 2. c4 g6 3. Nc3 Bg7 4. e4 Nc6 5. Be2 d6 6. h3 e6 7. Rb1 Nd4 8. Nxd4
cxd4 9. Nb5 Be5 10. Qb3 Ne7 11. Bf3 a6 12. Na3 Bf4 13. Nc2 Nc6 14. a3 e5 15.
Nb4 Nxb4 16. Qxb4 Qc7 17. d3 a5 18. Qb3 Bxc1 19. Rxc1 b6 20. Qd1 O-O 21. O-O
Bd7 22. Qd2 Kg7 23. Be2 Qd8 24. Bd1 h6 25. f4 f6 26. Rf3 g5 27. f5 Rc8 28. Rf2
Qc7 29. b3 b5 30. Rc2 bxc4 31. bxc4 Qc5 32. Ra2 Rb8 33. Qc1 Rb6 34. Rfb2 Rfb8
35. Qb1 Qc7 36. Rxb6 Qxb6 37. Qxb6 Rxb6 38. Bc2 h5 39. Kf2 h4 40. g3 hxg3+ 41.
Kxg3 Kh6 42. h4 gxh4+ 43. Kxh4 Rb8 44. Bd1 Rb1 45. Bf3 Ba4 46. Rg2 Rh1+ 47. Kg3
Bd1 48. Kf2 Bxf3 49. Rg6+ Kh7 50. Kxf3 Ra1 51. Rxf6 Rxa3 52. Ke2 a4 53. Rxd6
Rb3 54. Kd2 a3 55. Ra6 Rc3 56. c5 Kg7 57. c6 Kf8 58. c7 Rxc7 59. Rxa3 Rb7 60.
Ra6 {Remaining moves undecypherable - but 1-0, 84.} 1-0

[Event "Guernsey Open"]
[Site "Guernsey"]
[Date "2009.10.22"]
[Round "5"]
[White "Hillarp Persson, Tiger"]
[Black "Kurajica, Bojan"]
[Result "1-0"]
[WhiteElo "2577"]
[BlackElo "2517"]
[PlyCount "61"]
[EventDate "2009.10.18"]

1. e4 c5 2. Nf3 Nc6 3. Bb5 Qb6 4. Nc3 e6 5. Bxc6 Qxc6 6. d4 cxd4 7. Nxd4 Qc4 8.
Ndb5 a6 9. Nd6+ Bxd6 10. Qxd6 Ne7 11. Be3 Qc6 12. Bc5 Ng6 13. h4 f6 14. f4 a5
15. Qxc6 dxc6 16. Bd6 f5 17. exf5 exf5 18. O-O-O Kf7 19. Na4 Re8 20. Rhe1 Bd7
21. Nc5 Rxe1 22. Rxe1 Bc8 23. g3 a4 24. b3 Ra7 25. Kd2 Ra8 26. c4 Ra7 27. Kc3
Ra8 28. Kd4 Ra7 29. Nxa4 Nf8 30. Bxf8 Kxf8 31. Nb6 1-0

[Event "Guernsey Open"]
[Site "Guernsey"]
[Date "2009.10.22"]
[Round "5"]
[White "Bellin, Robert"]
[Black "Goater, Kevin"]
[Result "1-0"]
[WhiteElo "2388"]
[BlackElo "2168"]
[PlyCount "41"]
[EventDate "2009.10.18"]

1. e4 g6 2. d4 Bg7 3. Nc3 d6 4. f4 a6 5. Nf3 b5 6. Bd3 Nd7 7. Be3 c5 8. dxc5
Nxc5 9. Bxc5 dxc5 10. e5 Bb7 11. Qe2 Nh6 12. a4 bxa4 13. Be4 Bxe4 14. Qxe4 O-O
15. Rxa4 Qb6 16. Nd5 Qxb2 17. Nxe7+ Kh8 18. O-O Rae8 19. Nd5 f6 20. c3 fxe5 21.
Rb1 1-0

[Event "Guernsey Open"]
[Site "Guernsey"]
[Date "2009.10.22"]
[Round "5"]
[White "Reijneveld, Ad"]
[Black "Schroer, Marcel"]
[Result "0-1"]
[WhiteElo "2185"]
[BlackElo "2127"]
[PlyCount "38"]
[EventDate "2009.10.18"]

1. e4 d6 2. d4 Nf6 3. Nc3 g6 4. f4 Bg7 5. Nf3 O-O 6. Bd3 Na6 7. O-O c5 8. d5
Bg4 9. Qe1 Bxf3 10. Rxf3 Nb4 11. Qh4 c4 12. Bxc4 Nxc2 13. Rb1 Rc8 14. Bb3 Nd4
15. Rh3 Nxb3 16. axb3 h5 17. Rf3 Qb6+ 18. Be3 Qxb3 19. Bxa7 Rxc3 0-1

[Event "Guernsey Open"]
[Site "Guernsey"]
[Date "2009.10.22"]
[Round "5"]
[White "Heppell, Ian N"]
[Black "Korneev, Oleg"]
[Result "0-1"]
[WhiteElo "2135"]
[BlackElo "2554"]
[PlyCount "45"]
[EventDate "2009.10.18"]

1. e4 e5 2. Nf3 Nc6 3. d4 exd4 4. c3 d5 5. exd5 Qxd5 6. cxd4 Bg4 7. Be2 Bb4+ 8.
Nc3 Bxf3 9. Bxf3 Qc4 10. Bxc6+ bxc6 11. Qe2+ Qxe2+ 12. Kxe2 O-O-O 13. Be3 Ne7
14. Rhd1 Rhe8 15. Rac1 Nf5 16. Kf3 Rd6 17. g3 Ba5 18. Na4 Bb6 19. Rc4 Red8 20.
Ke4 Rf6 21. Kd3 Bxd4 22. Bxd4 Nxd4 23. Rdc1 0-1

[Event "Guernsey Open"]
[Site "Guernsey"]
[Date "2009.10.22"]
[Round "5"]
[White "Franklin, Samuel"]
[Black "Mack, Wolfgang"]
[Result "1-0"]
[WhiteElo "2131"]
[BlackElo "2257"]
[PlyCount "113"]
[EventDate "2009.10.18"]

1. e4 g6 2. d4 Bg7 3. Nc3 d6 4. f4 a6 5. Nf3 b5 6. Bd3 Bb7 7. e5 e6 8. a4 b4 9.
Ne4 a5 10. exd6 cxd6 11. Bb5+ Kf8 12. Ng3 Nf6 13. O-O h5 14. Ng5 h4 15. Ne2
Nbd7 16. f5 gxf5 17. Nf4 Ke7 18. Bd3 Qg8 19. Qe2 Kd8 20. c3 Nd5 21. Nxf7+ Qxf7
22. Nxe6+ Kc8 23. Bxf5 Kb8 24. Ng5 Re8 25. Qb5 Qe7 26. Qxd7 bxc3 27. bxc3 Nxc3
28. Qxe7 Rxe7 29. Ne6 Ne2+ 30. Kh1 Nxd4 31. Nxg7 Rxg7 32. Bh3 Nb3 33. Bb2 Rc7
34. Rad1 Rc2 35. Ba3 Ka7 36. Bxd6 Rg8 37. Rf7 Nd2 38. Bf5 Rc4 39. Be6 Rc6 40.
Bd5 Rxd6 41. Rxb7+ Ka6 42. Rxd2 Rxd5 43. Rxd5 Kxb7 44. Rxa5 Rg4 45. h3 Rf4 46.
Rg5 Rxa4 47. Rg4 Ra1+ 48. Kh2 Kc6 49. Rxh4 Kd5 50. Rf4 Ke5 51. Rf3 Ra8 52. h4
Ke4 53. Kh3 Rb8 54. Rf7 Ke5 55. h5 Rb4 56. g4 Ke6 57. Rf3 1-0

[Event "Guernsey Open"]
[Site "Guernsey"]
[Date "2009.10.22"]
[Round "5"]
[White "Van Veenendaal, Elmer"]
[Black "Van Dijk, Bram"]
[Result "0-1"]
[WhiteElo "2120"]
[BlackElo "2173"]
[PlyCount "138"]
[EventDate "2009.10.18"]

1. d4 d5 2. Nf3 Nf6 3. c4 c6 4. Nc3 dxc4 5. a4 Bg4 6. e3 e5 7. Be2 Bxf3 8. Bxf3
exd4 9. exd4 Bb4 10. Qe2+ Qe7 11. O-O Qxe2 12. Bxe2 O-O 13. Bxc4 a5 14. Bf4
Nbd7 15. Rfd1 Rfe8 16. Kf1 Nb6 17. Bb3 Re7 18. Na2 Nfd5 19. Be5 Rd8 20. Rac1
Kf8 21. Nxb4 Nxb4 22. Rc5 N6d5 23. Bxd5 Nxd5 24. Re1 f6 25. Bg3 Rxe1+ 26. Kxe1
Nb4 27. Rxa5 Rxd4 28. Ra7 Rd7 29. Ke2 Ke7 30. a5 Ke6 31. b3 Kd5 32. Bf4 Kc5 33.
Bd2 Na6 34. b4+ Kc4 35. h4 h5 36. f3 Kb3 37. g4 Kc2 38. Be1 Re7+ 39. Kf2 hxg4
40. fxg4 Kd1 41. Bc3 Kc2 42. Be1 g6 43. h5 gxh5 44. gxh5 f5 45. h6 {(=)} Kd3
46. Ra8 Kc4 47. Ra7 c5 48. bxc5 Nxc5 49. Kf1 f4 50. Bf2 Na6 51. Ra8 Kd3 52. Rf8
Ke4 53. Bh4 Rc7 54. Kg2 Rc2+ 55. Kh3 Rc7 56. Kg4 Nc5 57. Rxf4+ Ke5 58. Bg3 Ke6
59. Kg5 Ke7 60. Kg6 Rc6+ 61. Kh7 Ne6 62. Bh4+ Ke8 63. Re4 Kf7 64. Be7 Kxe7 65.
Rg4 Kf6 66. Kg8 Rc8+ 67. Kh7 Nc5 68. Rg6+ Kf5 69. Kg7 Rc7+ 0-1

[Event "Guernsey Open"]
[Site "Guernsey"]
[Date "2009.10.22"]
[Round "5"]
[White "Havenaar, Jan"]
[Black "Baumert, Christian"]
[Result "1-0"]
[WhiteElo "2176"]
[BlackElo "2142"]
[PlyCount "81"]
[EventDate "2009.10.18"]

1. Nc3 d5 2. e4 dxe4 3. Nxe4 Nd7 4. Bc4 e6 5. Ne2 Ndf6 6. N2c3 Nxe4 7. Nxe4 Nf6
8. Qe2 Be7 9. d3 Bd7 10. O-O Nxe4 11. dxe4 O-O 12. Rd1 Qc8 13. Bf4 Rd8 14. Rd3
Be8 15. Rg3 Qd7 16. Be5 g6 17. Bc3 Qd6 18. e5 Qc5 19. Bd3 Bf8 20. Rg4 Qe7 21.
Bd2 Rd7 22. Bg5 Qc5 23. Bf6 Bg7 24. Rc4 Qb6 25. Bxg7 Kxg7 26. Qf3 c6 27. b3 Rd4
28. h4 Rxc4 29. Bxc4 Qd8 30. Qf4 h5 31. Be2 c5 32. Rd1 Qe7 33. Rd3 Bc6 34. Rg3
Rh8 35. Rd3 Bd5 36. c4 Bc6 37. Rd6 Rf8 38. g3 Kg8 39. Qe3 Kh7 40. Qxc5 g5 41.
Rxc6 1-0

[Event "Guernsey Open"]
[Site "Guernsey"]
[Date "2009.10.22"]
[Round "5"]
[White "Van Voorthuijsen, Peewee"]
[Black "Hamperl, Fred A"]
[Result "1/2-1/2"]
[WhiteElo "2300"]
[BlackElo "2046"]
[PlyCount "72"]
[EventDate "2009.10.18"]

1. d4 Nf6 2. Nf3 c5 3. d5 d6 4. g3 g6 5. Bg2 Bg7 6. c4 O-O 7. Nc3 e6 8. O-O
exd5 9. cxd5 a6 10. a4 Nbd7 11. Bf4 Qc7 12. h3 Nh5 13. Bd2 Ne5 14. Nxe5 Bxe5
15. Kh2 f5 16. e3 Rb8 17. Rc1 b5 18. axb5 axb5 19. b4 c4 20. Ne2 Qg7 21. f4 Bf6
22. Bf3 Ra8 23. g4 fxg4 24. hxg4 Qd7 25. Ng1 Ng7 26. Qc2 Qa7 27. g5 Bd8 28. Ra1
Qxa1 29. Rxa1 Rxa1 30. Qb2 Ra8 31. e4 Bb6 32. Ne2 Rf7 33. Qc3 Ra2 34. Nc1 Ra8
35. Ne2 Ra2 36. Nc1 Ra8 1/2-1/2